000 00350nam a22001457a 4500
999 _c14825
_d14825
020 _a9788183602099
082 _a627.02
_bBHA/LA
100 _aBhagat, Arun D
_92042
100 _aPatil, Mangal A
_92043
245 _aLand and water management engineering
250 _a1
260 _aNew Delhi
_bJain Brothers
_c2015
300 _a464p
942 _cBK